=LDR 00000nam 2200000 4500 =001 INLIS000000000028117 =005 20130612130438 =008 ***********************************ind** =035 ##$$0010-061300000028117 =041 ##$$a ind =082 ##$$a 342.3 =090 ##$$a 342.3, SAF b =100 ##$$a Safioedin, Asis =245 ##$$a Beberapa hal tentang Burgerlyk wetboek, Asis Safioedin =260 ##$$a 1973 $b Bandung =300 ##$$a xvi, 153 hlm., 21 cm =650 ##$$a Undang-Undang Dasar =850 ##$$a NBPNMAT